Normal view
MARC view
Entry Geographic Name
001 - CONTROL NUMBER
- control field: 44955
003 - CONTROL NUMBER IDENTIFIER
- control field: ARRUPE
005 - DATE AND TIME OF LATEST TRANSACTION
- control field: 20190305104615.0
008 - FIXED-LENGTH DATA ELEMENTS
- fixed length control field: 190305|| aca||aabn | a|a d
040 ## - CATALOGING SOURCE
- Original cataloging agency: ARRUPE
- Transcribing agency: ARRUPE
151 ## - HEADING--GEOGRAPHIC NAME
- Geographic name: Zimbabwe
- General subdivision: Politics and government
- Chronological subdivision: 1980-
670 ## - SOURCE DATA FOUND
- Source citation: Work cat.: (ARRUPE)0: Tendi, Blessing-Miles, 1979- 44952, Making history in Mugabe's Zimbabwe :, c2010.